[Event "10th Sharjah Cup Women 2020"]
[Site "Sharjah"]
[Date "2020.01.05"]
[Round "2.20"]
[White "Drljevic, Ljilja"]
[Black "Alsalti, Rania"]
[Result "1-0"]
[WhiteElo "2193"]
[BlackElo "1435"]
[Annotator "ChessBase"]
[PlyCount "61"]
[EventDate "2020.01.04"]
[EventType "swiss"]
[EventCountry "UAE"]
[SourceTitle "playchess.com"]
[Source "ChessBase"]
[SourceQuality "1"]
[TimeControl "5400+30"]

1. e4 {[%emt 0:00:00]} e5 {[%emt 0:00:00]} 2. d4 {[%emt 0:00:07]} d6 {[%emt 0:00:49]} 3. dxe5 {[%emt 0:04:31]} dxe5 {[%emt 0:00:40]} 4. Qxd8+ {[%emt 0:01:02]} Kxd8 {[%emt 0:00:48]} 5. Nd2 {[%emt 0:01:01]} Nf6 {[%emt 0:00:51]} 6. Ngf3 {[%emt 0:01:04]} Bd6 {[%emt 0:00:37]} 7. a3 {[%emt 0:03:17]} Nc6 {[%emt 0:04:30]} 8. b3 {[%emt 0:01:46]} Bg4 {[%emt 0:00:44]} 9. Bb2 {[%emt 0:01:59]} Bxf3 {[%emt 0:00:30]} 10. gxf3 {[%emt 0:00:27]} Kd7 {[%emt 0:02:28]} 11. Nc4 {[%emt 0:04:32]} Rad8 {[%emt 0:02:47]} 12. Bh3+ {[%emt 0:01:02]} Ke7 {[%emt 0:01:10]} 13. f4 {[%emt 0:02:36]} Nxe4 {[%emt 0:06:21]} 14. f3 {[%emt 0:00:38]} Nc5 {[%emt 0:02:08]} 15. fxe5 {[%emt 0:00:19]} b5 {[%emt 0:02:39]} 16. exd6+ {[%emt 0:00:17]} cxd6 {[%emt 0:01:02]} 17. Ne3 {[%emt 0:00:13]} Rhe8 {[%emt 0:01:56]} 18. Rg1 {[%emt 0:04:57]} g6 {[%emt 0:00:38]} 19. Nd5+ {[%emt 0:00:47]} Kf8+ {[%emt 0:00:42]} 20. Kf2 {[%emt 0:00:15]} Ne5 {[%emt 0:04:49]} 21. Rad1 {[%emt 0:03:05]} a6 {[%emt 0:06:46]} 22. Nf6 {[%emt 0:02:09]} Re7 {[%emt 0:01:55]} 23. b4 {[%emt 0:03:22]} Ne6 {[%emt 0:02:50]} 24. Nxh7+ {[%emt 0:07:28]} Kg7 {[%emt 0:00:59]} 25. Bxe6 {[%emt 0:06:15]} Rxe6 {[%emt 0:01:53]} 26. Ng5 {[%emt 0:00:22]} Ree8 {[%emt 0:00:46]} 27. f4 {[%emt 0:00:40]} f6 {[%emt 0:00:52]} 28. fxe5 {[%emt 0:00:12]} fxg5 {[%emt 0:00:38]} 29. exd6+ {[%emt 0:00:23]} Kh6 {[%emt 0:02:28]} 30. Rd3 {[%emt 0:00:12]} Re6 {[%emt 0:02:42]} 31. Rh3# {[%emt 0:00:13]} 1-0

[Event "10th Sharjah Cup Women 2020"]
[Site "Sharjah"]
[Date "2020.01.05"]
[Round "2.21"]
[White "Amal Fadel S M Alshamsi"]
[Black "Pujari, Rucha"]
[Result "0-1"]
[WhiteElo "1403"]
[BlackElo "2187"]
[Annotator "ChessBase"]
[PlyCount "88"]
[EventDate "2020.01.04"]
[EventType "swiss"]
[EventCountry "UAE"]
[SourceTitle "playchess.com"]
[Source "ChessBase"]
[SourceQuality "1"]
[TimeControl "5400+30"]

1. e4 {[%emt 0:00:00]} e5 {[%emt 0:00:27]} 2. Nf3 {[%emt 0:00:00]} Nc6 {[%emt 0:00:06]} 3. Nc3 {[%emt 0:00:00]} Nf6 {[%emt 0:00:52]} 4. d4 {[%emt 0:00:00]} exd4 {[%emt 0:00:54]} 5. Nxd4 {[%emt 0:00:00]} Bb4 {[%emt 0:00:56]} 6. Nxc6 {[%emt 0:00:12]} bxc6 {[%emt 0:00:19]} 7. Bd3 {[%emt 0:00:09]} d5 {[%emt 0:02:42]} 8. exd5 {[%emt 0:00:10]} cxd5 {[%emt 0:00:02]} 9. O-O {[%emt 0:00:07]} O-O {[%emt 0:00:33]} 10. Bg5 {[%emt 0:00:40]} c6 {[%emt 0:00:40]} 11. Qf3 {[%emt 0:00:17]} Be7 {[%emt 0:00:39]} 12. h3 {[%emt 0:00:04]} Rb8 {[%emt 0:02:18]} 13. b3 {[%emt 0:00:34]} Be6 {[%emt 0:00:44]} 14. Rad1 {[%emt 0:10:47]} h6 {[%emt 0:03:47]} 15. Bf4 {[%emt 0:00:55]} Rb4 {[%emt 0:01:08]} 16. Ne2 {[%emt 0:06:00]} c5 {[%emt 0:09:31]} 17. Ng3 {[%emt 0:02:30]} Bd6 {[%emt 0:08:28]} 18. Bxd6 {[%emt 0:05:46]} Qxd6 {[%emt 0:00:04]} 19. Ne2 {[%emt 0:01:33]} Qe5 {[%emt 0:04:37]} 20. a3 {[%emt 0:02:53]} Rb6 {[%emt 0:01:22]} 21. Ng3 {[%emt 0:03:47]} g6 {[%emt 0:06:07]} 22. Rfe1 {[%emt 0:03:28]} Qg5 {[%emt 0:00:21]} 23. Qe3 {[%emt 0:13:34]} Qxe3 {[%emt 0:02:54]} 24. Rxe3 {[%emt 0:00:10]} h5 {[%emt 0:00:20]} 25. Rde1 {[%emt 0:03:33]} Kg7 {[%emt 0:05:46]} 26. Ne2 {[%emt 0:08:04]} c4 {[%emt 0:13:40]} 27. bxc4 {[%emt 0:00:18]} dxc4 {[%emt 0:00:02]} 28. Be4 {[%emt 0:00:37]} Nxe4 {[%emt 0:00:42]} 29. Rxe4 {[%emt 0:00:08]} Bf5 {[%emt 0:00:33]} 30. Rxc4 {[%emt 0:00:44]} Re8 {[%emt 0:00:13]} 31. Kf1 {[%emt 0:02:35]} Rbe6 {[%emt 0:03:11]} 32. g4 {[%emt 0:03:18]} hxg4 {[%emt 0:00:04]} 33. hxg4 {[%emt 0:00:04]} Be4 {[%emt 0:00:06]} 34. Nf4 {[%emt 0:01:39]} R6e7 {[%emt 0:01:24]} 35. Re3 {[%emt 0:04:36]} g5 {[%emt 0:06:28]} 36. Nh5+ {[%emt 0:04:10]} Kg6 {[%emt 0:00:04]} 37. Ra4 {[%emt 0:02:38]} Re6 {[%emt 0:16:46]} 38. Rxa7 {[%emt 0:05:00]} Bxc2 {[%emt 0:00:44]} 39. Rxe6+ {[%emt 0:01:50]} Rxe6 {[%emt 0:00:02]} 40. f4 {[%emt 0:02:29]} Rb6 {[%emt 0:04:29]} 41. f5+ {[%emt 0:01:00]} Bxf5 {[%emt 0:00:16]} 42. gxf5+ {[%emt 0:00:06]} Kxh5 {[%emt 0:00:17]} 43. Rxf7 {[%emt 0:00:26]} Kg4 {[%emt 0:00:59]} 44. a4 {[%emt 0:04:31]} Kf3 {[%emt 0:00:43]} 0-1

[Event "10th Sharjah Cup Women 2020"]
[Site "Sharjah"]
[Date "2020.01.05"]
[Round "2.22"]
[White "Babayan, Armine"]
[Black "Al-Moaamari, Mozah"]
[Result "1-0"]
[WhiteElo "2186"]
[BlackElo "1395"]
[Annotator "ChessBase"]
[PlyCount "85"]
[EventDate "2020.01.04"]
[EventType "swiss"]
[EventCountry "UAE"]
[SourceTitle "playchess.com"]
[Source "ChessBase"]
[SourceQuality "1"]
[TimeControl "5400+30"]

1. e4 {[%emt 0:00:00]} c5 {[%emt 0:00:00]} 2. Nf3 {[%emt 0:00:00]} Nc6 {[%emt 0:00:00]} 3. d4 {[%emt 0:00:00]} cxd4 {[%emt 0:00:00]} 4. Nxd4 {[%emt 0:00:00]} g6 {[%emt 0:00:00]} 5. Nc3 {[%emt 0:00:00]} Bg7 {[%emt 0:00:08]} 6. Be3 {[%emt 0:00:00]} Nf6 {[%emt 0:00:16]} 7. Be2 {[%emt 0:02:26]} O-O {[%emt 0:00:54]} 8. Qd2 {[%emt 0:02:38]} a6 {[%emt 0:10:48]} 9. O-O-O {[%emt 0:01:48]} Re8 {[%emt 0:07:27]} 10. h4 {[%emt 0:02:46]} Qc7 {[%emt 0:09:21]} 11. h5 {[%emt 0:02:46]} b5 {[%emt 0:07:19]} 12. f4 {[%emt 0:05:57]} e6 {[%emt 0:09:22]} 13. Nxc6 {[%emt 0:02:16]} dxc6 {[%emt 0:00:23]} 14. e5 {[%emt 0:02:03]} Nd5 {[%emt 0:02:31]} 15. Bc5 {[%emt 0:01:26]} a5 {[%emt 0:06:27]} 16. Ne4 {[%emt 0:02:09]} b4 {[%emt 0:07:44]} 17. g3 {[%emt 0:04:22]} Ba6 {[%emt 0:04:32]} 18. Bf3 {[%emt 0:00:48]} Red8 {[%emt 0:11:18]} 19. Qh2 {[%emt 0:02:31]} h6 {[%emt 0:05:48]} 20. hxg6 {[%emt 0:00:25]} fxg6 {[%emt 0:00:14]} 21. Qh3 {[%emt 0:01:25]} Bc8 {[%emt 0:00:52]} 22. Nd6 {[%emt 0:04:03]} a4 {[%emt 0:09:26]} 23. Nxc8 {[%emt 0:04:00]} Qxc8 {[%emt 0:00:15]} 24. Bxd5 {[%emt 0:00:37]} exd5 {[%emt 0:01:02]} 25. Qxc8 {[%emt 0:01:26]} Raxc8 {[%emt 0:00:55]} 26. Bxb4 {[%emt 0:00:24]} Kf7 {[%emt 0:00:53]} 27. Bd6 {[%emt 0:00:52]} Ke6 {[%emt 0:01:20]} 28. Rdf1 {[%emt 0:01:47]} Rd7 {[%emt 0:00:39]} 29. g4 {[%emt 0:00:31]} Rf7 {[%emt 0:00:43]} 30. Rf3 {[%emt 0:00:22]} Ra8 {[%emt 0:02:18]} 31. Rhf1 {[%emt 0:00:17]} Kd7 {[%emt 0:01:00]} 32. f5 {[%emt 0:00:31]} g5 {[%emt 0:01:11]} 33. e6+ {[%emt 0:00:41]} Kxd6 {[%emt 0:00:09]} 34. exf7 {[%emt 0:00:04]} Rb8 {[%emt 0:00:55]} 35. f6 {[%emt 0:00:17]} Bf8 {[%emt 0:00:36]} 36. Re1 {[%emt 0:00:07]} Rb7 {[%emt 0:00:19]} 37. Re7 {[%emt 0:02:03]} Rxe7 {[%emt 0:00:27]} 38. fxe7 {[%emt 0:00:04]} Kxe7 {[%emt 0:00:05]} 39. b3 {[%emt 0:00:38]} a3 {[%emt 0:01:13]} 40. b4 {[%emt 0:00:31]} Kd7 {[%emt 0:00:33]} 41. c3 {[%emt 0:00:10]} Kc7 {[%emt 0:00:26]} 42. Kc2 {[%emt 0:00:11]} Kb6 {[%emt 0:00:29]} 43. Re3 {[%emt 0:00:29]} 1-0

[Event "10th Sharjah Cup Women 2020"]
[Site "Sharjah"]
[Date "2020.01.05"]
[Round "2.23"]
[White "Al-Hammadi, Maryam Hussein"]
[Black "Michelle Catherina, P."]
[Result "0-1"]
[WhiteElo "1387"]
[BlackElo "2143"]
[Annotator "ChessBase"]
[PlyCount "38"]
[EventDate "2020.01.04"]
[EventType "swiss"]
[EventCountry "UAE"]
[SourceTitle "playchess.com"]
[Source "ChessBase"]
[SourceQuality "1"]
[TimeControl "5400+30"]

1. e4 e5 2. Nf3 Nc6 3. Bc4 Nf6 4. O-O Nxe4 5. Bb5 Be7 6. Bxc6 dxc6 7. Nxe5 O-O 8. d3 Nf6 9. Nc3 Bd6 10. Nc4 Bg4 11. Qd2 Be7 12. h3 Be6 13. Ne5 Re8 14. Re1 Bc5 15. Qd1 Qd4 16. Re2 Bxh3 17. Nf3 Qg4 18. Rxe8+ Rxe8 19. g3 Qxg3+ 0-1

[Event "10th Sharjah Cup Women 2020"]
[Site "Sharjah"]
[Date "2020.01.06"]
[Round "3.1"]
[White "Smirnova, Ekaterina"]
[Black "Bulmaga, Irina"]
[Result "0-1"]
[WhiteElo "2249"]
[BlackElo "2446"]
[Annotator "TA"]
[PlyCount "179"]
[EventDate "2020.01.04"]
[EventType "swiss"]
[EventCountry "UAE"]
[SourceTitle "playchess.com"]
[Source "ChessBase"]
[SourceQuality "1"]

{[%evp 17,179,31,53,59,108,85,108,84,104,83,95,63,100,100,212,61,53,60,81,81,90,91,116,110,149,139,144,70,75,71,99,98,111,87,98,92,88,81,85,71,87,81,82,83,90,79,80,-18,13,0,0,0,8,0,0,0,8,0,0,0,8,0,0,0,0,-12,-11,-16,-16,-16,-16,-18,-11,-11,-11,-11,-11,-11,-8,-37,-32,-15,-17,-22,-17,-14,-7,-14,-14,-13,0,0,0,-6,-11,-36,0,-82,-82,-85,0,0,0,0,0,0,0,0,0,0,0,0,0,0,0,0,0,0,166,0,0,0,0,-6,0,0,0,0,0,0,0,0,0,-12,0,0,0,0,0,0,0,-60,-60,-48,-25,-328,-326,-303,-288,-1443,-1443,-1420,-1356,-1185,-1122,-959,-959,-959,-959,-959,-906,-802,-802,-29992]} 1. d4 Nf6 2. c4 g6 3. Nc3 Bg7 4. e4 d6 5. Be2 O-O 6. Nf3 e5 7. O-O Nbd7 8. Re1 c6 9. Bf1 Qe7 10. d5 {E95: King's Indian: Classical: 7...Nbd7 8 Re1} (10. h3 Ne8 11. a4 a5 12. b3 Nc7 13. Ba3 exd4 14. Nxd4 Nc5 15. e5 dxe5 16. Ne4 N7a6 17. Nxc5 Nxc5 {1-0 (59) Li,C (2732)-Onischuk,V (2637) Riadh 2017}) 10... c5 11. a3 h6 12. b4 {White is better.} b6 13. Qa4 $146 ({Predecessor:} 13. Na4 Nh5 14. Rb1 f5 15. bxc5 Nxc5 16. Nxc5 bxc5 17. Nd2 Nf6 {0-1 (29) Hilverda,A (2384)-Maze,S (2582) Berlin 2015}) 13... Bb7 14. Rb1 Nh5 15. Qc2 f5 {[#]} (15... Rfc8 $16) 16. bxc5 $2 ({White has to play} 16. exf5 $1 $18 gxf5 17. g3) 16... Nxc5 $14 17. exf5 gxf5 {[#]} 18. Nd4 $1 {[%mdl 512]} Qd7 (18... exd4 19. Rxe7) 19. Nb3 Nxb3 20. Rxb3 Rac8 21. a4 Nf6 22. Qb1 (22. Ba3 $16) 22... Ba6 23. Nb5 Bxb5 24. axb5 Ne4 25. Ra3 Nc5 26. Qa2 Rc7 27. Be3 Rf7 28. Qe2 Ne4 29. Bc1 Qe7 30. Qh5 Qf6 31. Rh3 Ng5 32. Bxg5 (32. Rb3 $16) 32... Qxg5 (32... hxg5 {is more complex.} 33. Qh7+ Kf8 34. Rh5 g4 35. Be2 e4) 33. Qxg5 hxg5 34. Rh5 g4 35. f3 gxf3 36. gxf3 Rf6 37. Rg5 Kf8 38. Bd3 Bh6 39. Rxf5 Rxf5 40. Bxf5 Rxc4 $11 {[%mdl 4096] Endgame KRB-KRB} 41. Bd7 Ke7 42. Bc6 Kf6 43. Re2 Ra4 44. Kg2 a5 {Threatens to win with ...Ra1.} 45. bxa6 $1 Rxa6 46. Rb2 Be3 47. h4 Ra7 48. Kh3 Kf5 49. Rb4 Bd4 50. Ra4 Rf7 51. Be8 Rg7 52. Bh5 Kf4 53. Bg4 b5 54. Rb4 Rb7 55. Kg2 Ke3 56. h5 Bc3 57. Rb3 (57. Re4+ $11 Kd2 58. Bf5) 57... b4 $17 58. Bf5 Rf7 (58... Rg7+ $17 59. Bg6 Kd4) 59. Be4 $1 $11 Rf6 60. Kg3 $1 Kd4 61. Kg4 Kc4 62. Rb1 Bd2 63. Rb2 Bh6 64. Rc2+ Kd4 65. Rb2 Kc3 66. Rc2+ Kb3 67. Rc8 Kb2 $2 (67... Be3 $11 {and Black stays safe.}) 68. Rb8 $2 (68. Re8 $18) 68... b3 69. Rb7 Bd2 70. Rb6 Bc1 71. Rb7 Be3 72. Rb8 Rf4+ 73. Kg3 Rf6 74. Kg4 Bd2 75. Rb6 Rf4+ 76. Kg3 Be1+ 77. Kg2 {Black must now prevent h6.} Rf6 78. Kf1 Ba5 79. Ra6 (79. Rb5 $11 Bd2 80. Rb8) 79... Bb4 $1 $15 80. Ke2 Kc3 81. Ra8 $2 {[%mdl 8192]} (81. Ra7 $11) 81... Rh6 $19 82. Rc8+ Bc5 83. Rb8 $2 (83. Bg6) 83... Rxh5 {Black is clearly winning.} 84. Rb7 Rh2+ 85. Ke1 b2 86. Rh7 Rg2 87. Rb7 Rg1+ 88. Ke2 Bb4 89. Rc7+ Kd4 {aiming for ...Re1+.} 90. Bd3 {Accuracy: White = 50%, Black = 55%.} 0-1

[Event "10th Sharjah Cup Women 2020"]
[Site "Sharjah"]
[Date "2020.01.06"]
[Round "3.2"]
[White "Gevorgyan, Irina"]
[Black "Sukandar, Irine Kharisma"]
[Result "1/2-1/2"]
[WhiteElo "2216"]
[BlackElo "2402"]
[Annotator "TA"]
[PlyCount "106"]
[EventDate "2020.01.04"]
[EventType "swiss"]
[EventCountry "UAE"]
[SourceTitle "playchess.com"]
[Source "ChessBase"]
[SourceQuality "1"]

{[%evp 17,106,29,15,-2,8,-2,0,-2,18,0,3,7,43,8,10,0,0,0,0,-9,0,-20,-4,-10,-12,-14,-7,-7,0,-6,-4,-6,0,0,-7,-14,0,0,0,0,61,71,123,64,70,73,71,57,56,31,49,24,31,7,1,1,8,8,54,54,95,92,96,95,115,118,114,107,120,113,113,116,166,158,169,166,167,164,170,170,175,165,148,112,112,112,171,116,161,133,119]} 1. Nf3 c5 2. c4 Nf6 3. Nc3 Nc6 4. g3 g6 5. Bg2 Bg7 6. O-O O-O 7. d4 cxd4 8. Nxd4 Qa5 9. Nb3 Qh5 10. e3 {A39: Symmetrical English vs ...g6: 4 Bg2 Bg7 5 Nf3 Nf6 6 0-0 0-0 7 d4} d6 11. h3 $146 ({Predecessor:} 11. Qxh5 Nxh5 12. Bd2 Nf6 13. Rac1 Ne5 14. c5 Nd3 15. Rc2 dxc5 16. Na4 Bf5 17. Naxc5 Nxf2 18. e4 N2xe4 19. Nd4 Rac8 20. Nxf5 gxf5 21. Rfc1 Nxd2 22. Rxd2 Bh6 {0-1 (22) Tomashevsky,E (2758)-Radjabov,T (2738) Berlin 2015}) 11... Qxd1 12. Rxd1 {The position is equal.} a5 13. Nb5 {[%cal Bc3b5,Bb5a3,Ba3c2,Bc2b4,Bb4d3][%mdl 32]} a4 14. N3d4 Na5 15. Na3 Nd7 16. Bd2 Nc5 17. Rac1 Bd7 18. Bxa5 Rxa5 19. Nac2 Raa8 20. Nb4 e6 21. Nd3 Rfd8 22. Rb1 Be8 23. Nb4 Rab8 24. b3 Ra8 25. Nbc2 {aiming for b4.} axb3 26. axb3 e5 27. Nb5 Bxb5 28. cxb5 Ra2 (28... e4 $11) 29. Nb4 $14 Ra5 (29... Ra3 $142) 30. Bf1 (30. Nd5 $16 {b4 is the strong threat.} Rxb5 31. b4) 30... Ra3 31. Bc4 e4 32. Nd5 Be5 33. Rd2 Kg7 34. Nb6 Nd7 35. Nxd7 Rxd7 36. b6 Bc3 37. Rd5 Kf8 38. Rc1 Ra1 39. Rxa1 Bxa1 $16 {[%mdl 4096] Endgame [#] KRB-KRB} 40. Ra5 $1 {[%cal Ra5a1]} Bf6 41. Bd5 Bd8 42. Bxe4 Bxb6 {[#]} 43. Rb5 $1 {[%cal Rb5b6]} Ba7 44. Bxb7 Rc7 45. b4 {[%cal Bb3b4,Bb4b5,Bb5a6][%mdl 32]} f5 46. Bd5 Ke7 47. Kg2 Kf6 48. Ra5 Re7 49. Bc6 Bb8 50. b5 {Threatens to win with b6.} Ra7 51. Ra6 Rxa6 (51... Ke6 $16 {keeps fighting.} 52. Bf3 Rxa6 53. bxa6 d5) 52. bxa6 $18 Ba7 53. Kf3 Ke5 {Accuracy: White = 47%, Black = 50%.} 1/2-1/2

[Event "10th Sharjah Cup Women 2020"]
[Site "Sharjah"]
[Date "2020.01.06"]
[Round "3.3"]
[White "Assaubayeva, Bibisara"]
[Black "Nguyen, Thi Mai Hung"]
[Result "1-0"]
[WhiteElo "2375"]
[BlackElo "2254"]
[Annotator "TA"]
[PlyCount "87"]
[EventDate "2020.01.04"]
[EventType "swiss"]
[EventCountry "UAE"]
[SourceTitle "playchess.com"]
[Source "ChessBase"]
[SourceQuality "1"]

{[%evp 9,87,6,13,11,27,22,29,21,19,16,43,53,70,59,56,72,52,56,61,47,57,14,133,128,145,151,208,187,218,200,210,183,183,184,250,237,215,193,206,201,272,194,194,166,231,234,289,165,149,173,166,152,302,307,297,287,288,266,372,360,345,370,359,350,410,416,417,388,1211,1210,2211,1681,29985,29986,29984,29985,29989,29990,29991,29991]} 1. d4 d5 2. c4 c6 3. Nf3 Nf6 4. g3 Bf5 5. Nc3 e6 6. Nh4 {D11: Slav Defence: 3 Nf3 sidelines and 3...Nf6 4 e3 Bg4} Bg4 7. Qb3 (7. h3 Bh5 8. Qb3 Qb6 9. c5 Qc7 10. Bf4 Qc8 11. g4 Bg6 12. Nxg6 hxg6 {½-½ (45) Inarkiev,E (2682)-Karjakin,S (2750) Nazran 2019}) 7... Qb6 8. c5 $146 {White has an edge.} ({Predecessor:} 8. f3 Bh5 9. c5 Qxb3 10. axb3 {1-0 (60) Delorme,A (2494)-Patuzzo,F (2368) Cannes 2014}) 8... Qxb3 9. axb3 Nbd7 10. f3 Bh5 11. g4 $36 {[%mdl 2048] White is more active.} Bg6 $1 12. Nxg6 hxg6 13. b4 Be7 14. Bf4 O-O 15. b5 Nb8 (15... Nh7 $11) 16. e3 $16 cxb5 17. Bxb5 Rc8 (17... a6 $16 18. Kf2 Rc8) 18. b4 $18 {[%cal Bb2b4,Bb4b5][%mdl 32]} Nc6 19. Bxc6 Rxc6 20. b5 Rcc8 21. Kd2 b6 (21... Bd8 $142 22. Ra2 a5) 22. c6 Ne8 23. e4 g5 24. Bg3 Nf6 25. Ra4 a5 26. Kd3 Ra7 (26... dxe4+ $142 27. fxe4 (27. Nxe4 Nd5 $14) 27... Bb4) 27. Ra2 Bd8 28. Be5 (28. Re2 $142) 28... dxe4+ 29. fxe4 ({Don't do} 29. Nxe4 Nd5 $16) 29... Nxg4 30. Bg3 Bc7 (30... f5 $16) 31. Bxc7 Raxc7 32. Rg1 Nf6 33. Rxg5 Rd8 34. Na4 Rb8 35. Nb2 Ne8 36. Nc4 Kf8 37. d5 Ke7 38. Rf2 f6 $2 {[#]} (38... Ra7 39. Kd4 a4 40. Rxg7 Nxg7) 39. Rxg7+ $1 {[%mdl 576] Deflection} Nxg7 40. d6+ {[%mdl 64] Double Attack} Kd8 41. dxc7+ {White mates.} Kxc7 42. Rxf6 Ne8 43. Rf7+ Kc8 44. e5 {Accuracy: White = 74%, Black = 34%.} 1-0

[Event "10th Sharjah Cup Women 2020"]
[Site "Sharjah"]
[Date "2020.01.06"]
[Round "3.4"]
[White "Suleimanova, Ava"]
[Black "Gong, Qianyun"]
[Result "0-1"]
[WhiteElo "2213"]
[BlackElo "2371"]
[Annotator "RC"]
[PlyCount "60"]
[EventDate "2020.01.04"]
[EventType "swiss"]
[EventCountry "UAE"]
[SourceTitle "playchess.com"]
[Source "ChessBase"]
[SourceQuality "1"]
[TimeControl "5400+30"]

1. e4 {[%emt 0:00:00]} e6 {[%emt 0:00:00]} 2. d4 {[%emt 0:00:00]} d5 {[%emt 0:00:00]} 3. Bd3 {[%emt 0:00:32]} c5 {[%emt 0:01:30]} 4. exd5 {[%emt 0:00:58]} exd5 {[%emt 0:00:23]} 5. Nf3 {[%emt 0:00:23]} Nc6 {[%emt 0:04:35]} 6. O-O {[%emt 0:00:58]} c4 {[%emt 0:04:41]} 7. Be2 {[%emt 0:01:13]} Bf5 {[%emt 0:03:20]} 8. b3 {[%emt 0:03:12]} cxb3 {[%emt 0:03:29]} 9. axb3 {[%emt 0:00:17]} Bd6 {[%emt 0:00:27]} 10. c4 {[%emt 0:01:31]} Nge7 {[%emt 0:01:42]} 11. cxd5 {[%emt 0:15:48]} Nxd5 {[%emt 0:02:21]} 12. Bc4 {[%emt 0:00:59]} Bb4 {[%emt 0:06:54]} 13. Bg5 {[%emt 0:05:21]} f6 {[%emt 0:13:20]} 14. Bd2 {[%emt 0:03:02]} O-O {[%emt 0:05:27]} 15. Nh4 {[%emt 0:05:46]} Be6 {[%emt 0:05:55]} 16. Re1 {[%emt 0:00:25]} Qd7 {[%emt 0:01:50]} 17. Bxb4 {[%emt 0:07:04]} Ncxb4 {[%emt 0:00:05]} 18. Qd2 {[%emt 0:00:13]} Bf7 {[%emt 0:05:09]} 19. Nc3 {[%emt 0:04:16]} Nxc3 {[%emt 0:00:45]} 20. Qxc3 {[%emt 0:00:10]} a5 {[%emt 0:00:21]} 21. Rad1 {[%emt 0:03:17]} Bd5 {[%emt 0:16:22]} 22. Qf3 {[%emt 0:04:36]} g6 {[%emt 0:09:02]} 23. Qf4 {[%emt 0:01:54]} Kg7 {[%emt 0:00:53]} 24. Re3 {[%emt 0:01:09]} Rae8 {[%emt 0:01:29]} 25. Rh3 {[%emt 0:00:41]} Re4 {[%emt 0:03:48]} 26. Qd2 {[%emt 0:01:55]} Rfe8 {[%emt 0:00:44]} 27. f3 {[%emt 0:01:00]} Re3 {[%emt 0:00:42]} 28. Qc1 {[%emt 0:05:02]} g5 {[%emt 0:01:53]} 29. Bb5 {[%emt 0:01:54]} Bc6 {[%emt 0:01:47]} 30. Bxc6 {[%emt 0:00:24]} bxc6 {[%emt 0:00:02]} 0-1

[Event "10th Sharjah Cup Women 2020"]
[Site "Sharjah"]
[Date "2020.01.06"]
[Round "3.5"]
[White "Zimina, Olga"]
[Black "Bykova, Anastasia"]
[Result "1-0"]
[WhiteElo "2367"]
[BlackElo "2247"]
[Annotator "ChessBase"]
[PlyCount "143"]
[EventDate "2020.01.04"]
[EventType "swiss"]
[EventCountry "UAE"]
[SourceTitle "playchess.com"]
[Source "ChessBase"]
[SourceQuality "1"]
[TimeControl "5400+30"]

1. Nf3 {[%emt 0:00:00]} d5 {[%emt 0:00:00]} 2. c4 {[%emt 0:00:00]} c6 {[%emt 0:00:00]} 3. e3 {[%emt 0:00:01]} Nf6 {[%emt 0:00:00]} 4. Nc3 {[%emt 0:00:07]} Bg4 {[%emt 0:00:00]} 5. Qb3 {[%emt 0:06:10]} Qb6 {[%emt 0:00:16]} 6. cxd5 {[%emt 0:06:16]} Qxb3 {[%emt 0:00:13]} 7. axb3 {[%emt 0:00:01]} Bxf3 {[%emt 0:00:17]} 8. gxf3 {[%emt 0:00:05]} Nxd5 {[%emt 0:00:03]} 9. Nxd5 {[%emt 0:03:55]} cxd5 {[%emt 0:00:05]} 10. d4 {[%emt 0:00:33]} Nc6 {[%emt 0:00:39]} 11. Bd2 {[%emt 0:01:49]} e6 {[%emt 0:00:18]} 12. Ra4 {[%emt 0:00:17]} Bd6 {[%emt 0:13:02]} 13. b4 {[%emt 0:01:53]} Kd7 {[%emt 0:00:23]} 14. b5 {[%emt 0:04:56]} Ne7 {[%emt 0:00:05]} 15. Bd3 {[%emt 0:00:08]} b6 {[%emt 0:15:50]} 16. Ke2 {[%emt 0:00:36]} Kc7 {[%emt 0:05:35]} 17. h4 {[%emt 0:31:31]} h5 {[%emt 0:00:22]} 18. e4 {[%emt 0:00:13]} Kb7 {[%emt 0:00:20]} 19. f4 {[%emt 0:00:13]} g6 {[%emt 0:05:40]} 20. f3 {[%emt 0:02:52]} Rae8 {[%emt 0:03:15]} 21. Kf2 {[%emt 0:01:10]} Rhg8 {[%emt 0:02:23]} 22. Rha1 {[%emt 0:01:27]} Bb8 {[%emt 0:01:22]} 23. Bb4 {[%emt 0:02:57]} Nc8 {[%emt 0:04:27]} 24. Ke3 {[%emt 0:01:10]} Bc7 {[%emt 0:03:17]} 25. Bc2 {[%emt 0:01:35]} Bd8 {[%emt 0:01:36]} 26. Be1 {[%emt 0:00:06]} Bf6 {[%emt 0:01:10]} 27. Bb3 {[%emt 0:03:51]} Rd8 {[%emt 0:00:47]} 28. Bf2 {[%emt 0:01:13]} Rd7 {[%emt 0:02:12]} 29. Bc2 {[%emt 0:05:50]} Re8 {[%emt 0:06:31]} 30. Ke2 {[%emt 0:00:28]} Kb8 {[%emt 0:00:54]} 31. Kf1 {[%emt 0:00:37]} Red8 {[%emt 0:01:24]} 32. f5 {[%emt 0:01:56]} exf5 {[%emt 0:04:08]} 33. Bg3+ {[%emt 0:00:42]} Kb7 {[%emt 0:01:41]} 34. exf5 {[%emt 0:00:07]} g5 {[%emt 0:01:50]} 35. hxg5 {[%emt 0:01:49]} Bxg5 {[%emt 0:00:03]} 36. f6 {[%emt 0:02:04]} Bxf6 {[%emt 0:00:50]} 37. Bf5 {[%emt 0:00:05]} Re7 {[%emt 0:01:49]} 38. Bf4 {[%emt 0:07:57]} Ka8 {[%emt 0:02:05]} 39. Rc1 {[%emt 0:02:00]} Nd6 {[%emt 0:08:18]} 40. Rc6 {[%emt 0:00:05]} Nxf5 {[%emt 0:10:12]} 41. Rxf6 {[%emt 0:00:05]} Ng7 {[%emt 0:02:43]} 42. Rxb6 {[%emt 0:00:41]} Re6 {[%emt 0:00:22]} 43. Rba6 {[%emt 0:06:48]} Rxa6 {[%emt 0:00:13]} 44. bxa6 {[%emt 0:00:09]} Ne6 {[%emt 0:00:02]} 45. Be5 {[%emt 0:03:07]} Rc8 {[%emt 0:00:02]} 46. Rb4 {[%emt 0:01:32]} Nc7 {[%emt 0:01:36]} 47. Ra4 {[%emt 0:00:14]} Ne6 {[%emt 0:00:14]} 48. Ra5 {[%emt 0:00:22]} f6 {[%emt 0:03:32]} 49. Bxf6 {[%emt 0:00:22]} Rf8 {[%emt 0:00:03]} 50. Be5 {[%emt 0:01:01]} Rxf3+ {[%emt 0:00:02]} 51. Kg1 {[%emt 0:01:02]} Rb3 {[%emt 0:02:17]} 52. Rxd5 {[%emt 0:00:05]} Rxb2 {[%emt 0:00:22]} 53. Rd6 {[%emt 0:01:32]} Rb6 {[%emt 0:00:28]} 54. d5 {[%emt 0:00:03]} Rxd6 {[%emt 0:00:42]} 55. Bxd6 {[%emt 0:00:01]} Ng5 {[%emt 0:00:47]} 56. Bc7 {[%emt 0:01:20]} h4 {[%emt 0:00:33]} 57. d6 {[%emt 0:00:10]} Nf3+ {[%emt 0:00:28]} 58. Kg2 {[%emt 0:00:04]} Ne5 {[%emt 0:00:10]} 59. Kh3 {[%emt 0:00:07]} Nd7 {[%emt 0:00:34]} 60. Kxh4 {[%emt 0:00:06]} Nc5 {[%emt 0:00:28]} 61. Kh3 {[%emt 0:00:30]} Nd7 {[%emt 0:00:30]} 62. Kg4 {[%emt 0:00:08]} Nc5 {[%emt 0:00:50]} 63. Kf5 {[%emt 0:00:07]} Nd7 {[%emt 0:00:26]} 64. Ke6 {[%emt 0:00:11]} Nc5+ {[%emt 0:00:40]} 65. Ke7 {[%emt 0:00:30]} Nd7 {[%emt 0:00:26]} 66. Ba5 {[%emt 0:01:29]} Ne5 {[%emt 0:00:15]} 67. Bc3 {[%emt 0:00:42]} Nc6+ {[%emt 0:00:17]} 68. Kd7 {[%emt 0:00:33]} Nb8+ {[%emt 0:00:23]} 69. Kc8 {[%emt 0:00:29]} Nc6 {[%emt 0:00:16]} 70. d7 {[%emt 0:00:30]} Ne7+ {[%emt 0:01:14]} 71. Kc7 {[%emt 0:00:42]} Nd5+ {[%emt 0:00:02]} 72. Kd6 {[%emt 0:00:16]} 1-0